000 00625nam a22002177a 4500
003 UA-OsUOA
001 53312
007 ta
008 20080327b un ||||| |||| 00| 0 ukr d
100 _aГригоренко Є.
090 _a330(477)
_bГ-12
942 _cSA
040 _aUA-OsUOA
_bukr
_cUA-OsUOA
_dUA-OsUOA
245 _aСтан справ з розвитку НПФ в Україні. Пенсійна реформа
300 _aС.4-5
955 _a0
041 _aukr
080 _a330(477)
773 0 _w53311
_tУкраїна- business
_dК.
_d2008
_g13
650 7 _a330 Економіка взагалі
_2UDC
999 _c339404
_d339404